| 000 | 00498nam a22001817a 4500 | ||
|---|---|---|---|
| 005 | 20260521124654.0 | ||
| 008 | 260521b |||||||| |||| 00| 0 eng d | ||
| 020 | _a978-0-07-182115-5 | ||
| 082 |
_a658.155 _bCRO-E |
||
| 100 |
_aCrouhy, Michel _aDan Galai _aRobert Mark |
||
| 245 | _aThe Essentials of Risk Management | ||
| 250 | _a2nd Ed | ||
| 260 |
_aNew York _b McGraw-Hill Education _c2014 |
||
| 300 | _a669 p. | ||
| 500 | _aIncludes Index. | ||
| 650 | _aManagement Sciences | ||
| 942 | _cBK | ||
| 999 |
_c47623 _d47623 |
||